| 000 | 00390cam a2200145ua 4500 | ||
|---|---|---|---|
| 041 |
_aeng _h |
||
| 082 |
_a950 _bVIN/HI |
||
| 100 | _aVinacke, Harold M . | ||
| 245 |
_aHistory of the far east in the modern times / _cHarold M Vinacke. _hTextual Documents |
||
| 260 |
_aLondon : _bGeorge Allen & Unwin Ltd , _c1965. |
||
| 300 | _a877 ; . | ||
| 504 | _a | ||
| 942 | _cBK | ||
| 999 |
_c6319 _d6319 |
||